[Event "Liape Magistral 02-A email"]
[Site "Liape email"]
[Date "2002.08.05"]
[Round "1"]
[White "Vallejo Fernandez, Luis"]
[Black "Muniz, David B"]
[Result "1/2-1/2"]
[WhiteElo "1900"]
[BlackElo "1600"]
[PlyCount "95"]
[EventDate "2002.08.05"]
[EventType "tourn (corr)"]
[EventRounds "8"]
[EventCountry "ARG"]
[SourceTitle "Corr 2006"]
[Source "ChessBase"]
[SourceDate "2006.04.01"]
[SourceVersion "3"]
[SourceVersionDate "2006.04.01"]
[SourceQuality "1"]

1. e4 e5 2. Nf3 Nc6 3. Bc4 Bc5 4. c3 Nf6 5. d4 exd4 6. cxd4 Bb4+ 7. Nc3 Nxe4 8. 0-0 Bxc3 9. d5 Ne5 10. bxc3 Nxc4 11. Qd4 Ncd6 12. Qxg7 Qf6 13. Qxf6 Nxf6 14. Re1+ Nfe4 15. Nd2 f5 16. f3 0-0 17. fxe4 Nxe4 18. Nxe4 fxe4 19. Rxe4 d6 20. Bh6 Rf6 21. Bg5 Bf5 22. Rf4 Rf7 23. Re1 Raf8 24. Bh6 Bd7 25. Ref1 Rxf4 26. Rxf4 Rxf4 27. Bxf4 Bb5 28. Be3 b6 29. Bg5 Bc4 30. Bd8 Bxa2 31. Bxc7 Bxd5 32. Bxd6 Kf7 33. Kf2 Ke6 34. Bb8 a6 35. g3 b5 36. Bc7 Kd7 37. Ba5 Kd6 38. Ke3 Kc5 39. Kf4 Kc4 40. Ke5 Bf7 41. Kd6 Kd3 42. Kc5 Ke4 43. Kb6 Bc4 44. Bb4 Kf3 45. Kxa6 Kg2 46. Kb6 Kxh2 47. Bd6 Kh3 48. Kc5 1/2-1/2